| 000 | 00502nam a2200181Ia 4500 | ||
|---|---|---|---|
| 008 | 240925s9999 xx 000 0 und d | ||
| 020 | _a9695034659 | ||
| 082 | _a915 ROO | ||
| 100 | _aRoomi, Moulana Jalal-uddin- | ||
| 245 | 0 | _aMasnavi Molvi Manavi R.A | |
| 250 | _aNA | ||
| 260 |
_aLahore: _bAlfaisal Nasheran-o-Tajran-o-Kutub _c,2006. |
||
| 300 |
_a647p. _b2-Jan _fOriginal |
||
| 500 | _aIncludes Index | ||
| 600 | _aHumanities & Natural Science | ||
| 650 | _aGeography and travel | ||
| 942 | _cBK | ||
| 999 |
_c12660 _d12660 |
||